00353cam a22001097a 4500008004000000082001800040245005300058260003500111300000800146650004000154650004900194180718b1972 xxu||||| |||| 00| 0 eng d aJ72x5125 H775 aHong Kong's New Town : Sha TincBy PWD Hong Kong aHong KongbPWD Hong Kongc1972 a24p aSha Tin (China) - Social conditions aNew towns - China - Hong Kong - Case studies